000 00867 a2200241 4500
005 20251222112732.0
008 251222b |||||||| |||| 00| 0 eng d
020 _a9789348338730 (hbk)
037 _cTB
040 _aCRL
_cCRL
041 _2pun
_apun
084 _aY5927 153R5
_qCRL
100 _aਜੌੜ , ਮਲਕੀਤ
_9850651
245 _aਦਲਿਤ ਵਰਤਰੀਆਂ ਦੀ ਵਾਰਤਾ
246 _a Dalit vartarian di varta / Jaura, Malkit
260 _aSamana, India:
_bNavrang Publication,
_c2025.
300 _a251p.
365 _b400.00
_cINR
650 _aਸਮਾਜ ਸ਼ਾਸਤਰ
_9858386
650 _aਦਲਿਤ ਸ਼ਾਸਤਰ
_9858387
942 _cTB
_2CC
_n0
_hY5927 153R5
999 _c1465223
_d1465223